000
00323nam a2200145Ia 4500
008
150201s2009 xx 000 0 und d
082
_a
616.07
_b
H09M
100
_a
MCCANN,SHAUN
245
_a
HAEMATOLOGY
250
_a
1ST
260
_b
WILEY BLACKWELL
_a
UK
_c
2009
300
_a
1-90
650
_a
PATHOLOGY
942
_2
ddc
_c
BK
999
_c
575
_d
575